Výzkum uplatnění absolventů vysokých škol
Hodnotenie kvality na vysokých školách by malo zahŕňať i spätnú väzbu o uplatnení absolventov vysokej školy na trhu práce. Metodika primárneho zisťovania medzi zamestnávateľmi a absolventami. Metodika marketingového výskumu. Výsledky výskumu.
Na minha lista:
| Autor principal: | |
|---|---|
| Outros Autores: | , |
| Formato: | Capítulo de Livro |
| Idioma: | tcheco |
| Assuntos: | |
| Tags: |
Sem tags, seja o primeiro a adicionar uma tag!
|
MARC
| LEADER | 00000naa$a2200000$$$4500 | ||
|---|---|---|---|
| 001 | 0037711 | ||
| 005 | 20230919104326.3 | ||
| 041 | 0 | |a cze | |
| 044 | |a CZ | ||
| 245 | 1 | 0 | |a Výzkum uplatnění absolventů vysokých škol |c Roman Kozel, Šárka Vilamová, Petra Kubová |
| 520 | |a Hodnotenie kvality na vysokých školách by malo zahŕňať i spätnú väzbu o uplatnení absolventov vysokej školy na trhu práce. Metodika primárneho zisťovania medzi zamestnávateľmi a absolventami. Metodika marketingového výskumu. Výsledky výskumu. | ||
| 610 | 2 | 0 | |a školy vysoké |
| 610 | 2 | 0 | |a kvalita |
| 610 | 2 | 0 | |a absolventi |
| 610 | 2 | 0 | |a trh práce |
| 610 | 2 | 0 | |a výskum |
| 610 | 2 | 0 | |a zisťovanie štatistické |
| 610 | 2 | 0 | |a metodika |
| 100 | 1 | |a Kozel, Roman | |
| 700 | 1 | |a Vilamová, Šárka | |
| 700 | 1 | |a Kubová, Petra | |